| 000 | 00550nam a2200229Ia 4500 | ||
|---|---|---|---|
| 008 | 210210b2009 xxu||||| |||| 00| 0 eng d | ||
| 020 | _a9788173715334 | ||
| 041 | _aeng | ||
| 082 | _a001.64 KORC | ||
| 100 | _aKOREN (Israel) | ||
| 245 | _aComputer arithmetic algorithms Ed 2 | ||
| 250 | _a | ||
| 260 |
_aHyderabad _bUniversities Press (India) Limited _c2009 |
||
| 300 | _axv,281 | ||
| 650 | _aEd | ||
| 650 | _aComputer | ||
| 650 | _aarithmetic | ||
| 650 | _aalgorithms | ||
| 650 | _a2 | ||
| 690 | _aComputer Science | ||
| 906 | _a065252 | ||
| 999 |
_c142444 _d142444 |
||